Catálogo
 En Linea
Vista normal Vista MARC

Entrada Nombre personal

Número de registros utilizados en: 1

001 - NÚMERO DE CONTROL

  • campo de control: 80304

003 - IDENTIFICADOR DEL NÚMERO DE CONTROL

  • campo de control: BNPHU

005 - FECHA Y HORA DE LA ÚLTIMA TRANSACCIÓN

  • campo de control: 20240228131231.0

008 - DATOS DE LONGITUD FIJA

  • campo de control de longitud fija: 211021|| aca||aabn | a|a d

020 ## - NÚMERO INTERNACIONAL ESTÁNDAR DEL LIBRO

  • Número Internacional Estándar del Libro: 978 9945 8653 49

040 ## - FUENTE DE LA CATALOGACIÓN

  • Centro catalogador/agencia de origen: DO-SdBNP
  • Lengua de catalogación: spa
  • Centro/agencia transcriptor: BNPHU
  • Normas de descripción: rda

100 1# - ENCABEZAMIENTO-NOMBRE DE PERSONA

  • Nombre de persona: Durán Ureña, Miguel Ángel

370 ## - LUGAR ASOCIADO

  • Lugar de nacimiento: La Vega (República Dominicana)

374 ## - OCUPACIÓN

  • Ocupación: Escritor
  • Ocupación: Medico

375 ## - GÉNERO/SEXO

  • Género/Sexo: Masculino

377 ## - LENGUA/LENGUAJE ASOCIADO

  • Código del idioma: spa

400 1# - TRAZADO DE VÉASE--NOMBRE DE PERSONA

  • Nombre de persona: D. Ureña, Miguel Ángel

400 1# - TRAZADO DE VÉASE--NOMBRE DE PERSONA

  • Nombre de persona: Ureña, Miguel Ángel Durán

670 ## - FUENTE DE DATOS ENCONTRADOS

  • Cita de la fuente: Work cat.: (DO-SdBNP): Durán Ureña, Miguel Ángel,, Esferas /, 2017.

Con tecnología Koha